Nuclear and particle physics / (Record no. 10364)

MARC details
000 -LEADER
fixed length control field 02103cam a2200397 i 4500
001 - CONTROL NUMBER
control field 14204401
003 - CONTROL NUMBER IDENTIFIER
control field EG-ScBUE
005 - DATE AND TIME OF LATEST TRANSACTION
control field 20250618082102.0
008 - FIXED-LENGTH DATA ELEMENTS--GENERAL INFORMATION
fixed length control field 051219s2006 enka f b 001 0 eng d
020 ## - INTERNATIONAL STANDARD BOOK NUMBER
International Standard Book Number 0470025328 (pbk.)
020 ## - INTERNATIONAL STANDARD BOOK NUMBER
International Standard Book Number 9780470025321 (pbk.)
035 ## - SYSTEM CONTROL NUMBER
System control number (OCoLC)ocm62728542
035 ## - SYSTEM CONTROL NUMBER
System control number (OCoLC)62728542
040 ## - CATALOGING SOURCE
Original cataloging agency DLC
Language of cataloging eng
Description conventions rda
Transcribing agency DLC
Modifying agency BAKER
-- C#P
-- OCLCQ
-- YDXCP
-- IAK
-- DLC
-- EG-ScBUE
082 04 - DEWEY DECIMAL CLASSIFICATION NUMBER
Classification number 539.72
Edition number 22
Item number MAR
100 1# - MAIN ENTRY--PERSONAL NAME
Personal name Martin, B. R.
Fuller form of name (Brian Robert)
Relator term author.
245 10 - TITLE STATEMENT
Title Nuclear and particle physics /
Statement of responsibility, etc B. R. Martin.
246 34 - VARYING FORM OF TITLE
Title proper/short title Nuclear and particle physics :
Remainder of title an introduction
264 #1 - PUBLICATION, DISTRIBUTION, ETC. (IMPRINT)
Place of publication, distribution, etc Chichester ;
-- Hoboken, NJ : .
Name of publisher, distributor, etc John Wiley,
Date of publication, distribution, etc [2006]
264 #4 - PUBLICATION, DISTRIBUTION, ETC. (IMPRINT)
Date of publication, distribution, etc c2006
300 ## - PHYSICAL DESCRIPTION
Extent xiv, 411 pages :
Other physical details illustrations ;
Dimensions 26 cm
336 ## - CONTENT TYPE
Source rdacontent
Content type term text
Content type code txt
337 ## - MEDIA TYPE
Media type term unmediated
Source rdamedia
Media type code n
338 ## - CARRIER TYPE
Carrier type term volume
Carrier type code nc
Source rdacarrier
500 ## - GENERAL NOTE
General note Subtitle from cover.
504 ## - BIBLIOGRAPHY, ETC. NOTE
Bibliography, etc Includes bibliographical references and index.
505 0# - FORMATTED CONTENTS NOTE
Formatted contents note Physical constants and conversion factors -- Basic concepts -- Nuclear phenomenology -- Particle phenomenology -- Experimental methods -- Quark dynamics: the strong interaction -- Electroweak interactions -- Models and theories of nuclear physics -- Applications of nuclear physics -- Outstanding questions and future prospects -- Appendix A: Some results in quantum mechanics -- Appendix B: Relativistic kinematics -- Appendix C: Rutherford scattering -- Appendix D: Solutions to problems.
650 #7 - SUBJECT ADDED ENTRY--TOPICAL TERM
Topical term or geographic name as entry element Nuclear physics
Form subdivision Textbooks.
Source of heading or term BUEsh
650 #7 - SUBJECT ADDED ENTRY--TOPICAL TERM
Topical term or geographic name as entry element Particles (Nuclear physics)
Form subdivision Textbooks.
Source of heading or term BUEsh
655 ## - INDEX TERM--GENRE/FORM
Form subdivision Reading book
856 41 - ELECTRONIC LOCATION AND ACCESS
Materials specified Table of contents
Uniform Resource Identifier <a href="http://www.loc.gov/catdir/toc/ecip065/2005036437.html">http://www.loc.gov/catdir/toc/ecip065/2005036437.html</a>
856 42 - ELECTRONIC LOCATION AND ACCESS
Materials specified Publisher description
Uniform Resource Identifier <a href="http://www.loc.gov/catdir/enhancements/fy0665/2005036437-d.html">http://www.loc.gov/catdir/enhancements/fy0665/2005036437-d.html</a>
856 42 - ELECTRONIC LOCATION AND ACCESS
Materials specified Contributor biographical information
Uniform Resource Identifier <a href="http://www.loc.gov/catdir/enhancements/fy0740/2005036437-b.html">http://www.loc.gov/catdir/enhancements/fy0740/2005036437-b.html</a>
942 ## - ADDED ENTRY ELEMENTS (KOHA)
Source of classification or shelving scheme Dewey Decimal Classification
Koha item type Book - Borrowing
Holdings
Withdrawn status Lost status Source of classification or shelving scheme Damaged status Not for loan Collection code Home library Current library Shelving location Date acquired Source of acquisition Cost, normal purchase price Serial Enumeration / chronology Total Checkouts Total Renewals Full call number Barcode Date last seen Date checked out Koha item type
    Dewey Decimal Classification     Alahram Central Library Central Library First floor 22/01/2009 Purchase 455.00 6472 3 2 539.72 MAR 000015062 15/07/2025 18/03/2019 Book - Borrowing